000 01018pam a2200277 a 4500
001 3787337
003 OSt
005 20240612144417.0
008 840905r19851969nyua b 000 0 eng
010 _a 84018870
020 _a0486648567 (pbk.) :
_c$8.50
040 _aDLC
_cMUST
_dDLC
050 0 0 _aQA315
_b.E9 1985
082 0 0 _a515.64 EWI 1985
_219
100 1 _aEwing, George M.
_q(George McNaught),
_d1907-
_917139
245 1 0 _aCalculus of variations with applications /
_cGeorge M. Ewing.
260 _aNew York :
_bDover Publications,
_c1985.
300 _avii, 343 p. :
_bill. ;
_c22 cm.
500 _aReprint. Originally published: New York : W.W. Norton, c1969. With new pref. and supplemental bibliography.
500 _aIncludes index.
504 _aBibliography: p. 331-340.
650 0 _aCalculus of variations.
_917140
856 4 2 _3Publisher description
_uhttp://www.loc.gov/catdir/description/dover033/84018870.html
906 _a7
_bcbc
_corignew
_d1
_eocip
_f19
_gy-gencatlg
942 _2ddc
_cO_SHELF
999 _c8437
_d8437